Click All NATO Countries in Europe - Statistics

General Stats
  • This quiz has been taken 269 times
  • The average score is 19 of 29
Answers on the Map
Answers color-coded by a green-red scale on the quiz's map according to % correct below.
 
Answer Stats
Answer % Correct
Germany
95%
France
93%
United Kingdom
93%
Spain
87%
Netherlands
80%
Poland
79%
Sweden
79%
Belgium
78%
Portugal
78%
Italy
77%
Finland
75%
Norway
74%
Denmark
70%
Czech Republic
67%
Estonia
67%
Latvia
66%
Lithuania
66%
Greece
63%
Iceland
57%
Romania
56%
Slovakia
54%
Bulgaria
52%
Luxembourg
52%
Hungary
51%
Croatia
50%
Slovenia
48%
Albania
42%
Montenegro
36%
North Macedonia
35%
No matching quizzes found
Score Distribution
Percent of People with Each Score
Percentile by Number Answered
Your Score History
You have not taken this quiz